50 Most Populous Countries on the World Map Quiz - Statistics

General Stats
  • This quiz has been taken 1,818 times
    1,113 since last reset
  • The average score is 45 of 50
Answers on the Map
Answers color-coded by a green-red scale on the quiz's map according to % correct below.
 
Answer Stats
Answer % Correct
China
98%
India
97%
United States
96%
Brazil
95%
Japan
94%
Mexico
94%
Russia
94%
Egypt
93%
Indonesia
93%
Bangladesh
91%
Canada
91%
France
91%
Germany
91%
Italy
91%
Pakistan
91%
Philippines
91%
Spain
91%
Turkey
91%
United Kingdom
91%
Argentina
90%
Saudi Arabia
90%
South Africa
90%
South Korea
90%
Algeria
89%
DR Congo
89%
Nigeria
89%
Poland
89%
Ukraine
89%
Vietnam
89%
Ethiopia
88%
Morocco
88%
Colombia
87%
Iran
87%
Nepal
87%
Peru
87%
Sudan
87%
Venezuela
87%
Yemen
87%
Ghana
86%
Iraq
86%
Malaysia
86%
Myanmar
85%
Uzbekistan
85%
Afghanistan
84%
Mozambique
84%
Thailand
84%
Angola
83%
Kenya
83%
Uganda
83%
Tanzania
78%
No matching quizzes found
Score Distribution
Percent of People with Each Score
Percentile by Number Answered
Your Score History
You have not taken this quiz since the last reset